[Event "Titled Tuesday intern op 16th Jan Late"]
[Site "Chess.com INT"]
[Date "2024.01.16"]
[Round "8"]
[White "Avramidou, Anastasia"]
[Black "Rosen, Eric S"]
[Result "0-1"]
[WhiteElo "2287"]
[BlackElo "2361"]
[PlyCount "82"]
[EventDate "2024.01.16"]
[EventType "swiss (blitz)"]
[EventRounds "11"]
[EventCountry "USA"]
[SourceTitle "CB04_2024"]
[SourceDate "2023.10.16"]
[SourceVersion "1"]
[SourceVersionDate "2023.10.16"]
[SourceQuality "1"]

1. Nf3 d5 2. g3 Nf6 3. Bg2 e6 4. 0-0 Be7 5. c4 d4 6. b3 c5 7. Bb2 0-0 8. e3 Nc6 9. exd4 cxd4 10. Re1 a5 11. d3 Bc5 12. Nbd2 Nd7 13. Ne4 Re8 14. a3 e5 15. Nfd2 Bf8 16. f4 h6 17. Qf3 Ra6 18. Qf1 f5 19. Nf2 Nf6 20. fxe5 Nxe5 21. Re2 Rae6 22. Rae1 Neg4 23. Nxg4 fxg4 24. Rxe6 Rxe6 25. Rxe6 Bxe6 26. Bxb7 Nd7 27. Bg2 Nc5 28. b4 Na4 29. Ba1 axb4 30. axb4 Bxb4 31. Ne4 Bc3 32. Kh1 Bf7 33. Qd1 Qa5 34. h3 gxh3 35. Bxh3 Qe5 36. Kh2 Kh7 37. Bg2 Bxa1 38. Qxa1 Qh5+ 39. Kg1 Qa5 40. Qe1 Qxe1+ 41. Kh2 Nc3 0-1

[Event "Titled Tuesday intern op 16th Jan Early"]
[Site "Chess.com INT"]
[Date "2024.01.16"]
[Round "4"]
[White "Bekkedahl, Zachary"]
[Black "Avramidou, Anastasia"]
[Result "0-1"]
[WhiteElo "1969"]
[BlackElo "2287"]
[PlyCount "118"]
[EventDate "2024.01.16"]
[EventType "swiss (blitz)"]
[EventRounds "11"]
[EventCountry "USA"]
[SourceTitle "CB04_2024"]
[SourceDate "2023.10.16"]
[SourceVersion "1"]
[SourceVersionDate "2023.10.16"]
[SourceQuality "1"]

1. e4 g6 2. d4 Bg7 3. Nf3 d6 4. Bc4 c6 5. a4 Nf6 6. Nc3 0-0 7. 0-0 Nxe4 8. Nxe4 d5 9. Bd3 dxe4 10. Bxe4 Nd7 11. c3 Nf6 12. Bc2 Qc7 13. Bg5 c5 14. dxc5 Qxc5 15. Qe2 Bg4 16. Be3 Qh5 17. h3 Bxf3 18. Qxf3 Qxf3 19. gxf3 a6 20. Rfd1 e6 21. Rd6 Nd5 22. Bg5 h6 23. Bh4 Be5 24. Rd7 Rab8 25. Bg3 Bxg3 26. fxg3 Rfc8 27. Be4 Nf6 28. Rxb7 Nxe4 29. Rxb8 Rxb8 30. fxe4 Rxb2 31. Rc1 Kf8 32. c4 Ke7 33. c5 Kd7 34. Rc4 Kc6 35. g4 a5 36. Kh1 Rb4 37. Rc2 Rxe4 38. Rf2 f5 39. gxf5 gxf5 40. Rc2 Rxa4 41. Kg2 e5 42. Kf3 Ra3+ 43. Kg2 a4 44. Rc4 e4 45. Kf2 Ra2+ 46. Ke3 a3 47. Ra4 Kxc5 48. Ra5+ Kb4 49. Rxf5 Rh2 50. Rf8 Rxh3+ 51. Kd4 Rd3+ 52. Kxe4 Rd6 53. Rf2 Ra6 54. Ra2 Kb3 55. Ra1 a2 56. Kd3 Kb2 57. Rh1 a1Q 58. Rh2+ Kb3 59. Rh3 Qc3+ 0-1

[Event "Titled Tuesday intern op 16th Jan Late"]
[Site "Chess.com INT"]
[Date "2024.01.16"]
[Round "1"]
[White "Caruana, Fabiano"]
[Black "Avramidou, Anastasia"]
[Result "1-0"]
[WhiteElo "2804"]
[BlackElo "2287"]
[PlyCount "65"]
[EventDate "2024.01.16"]
[EventType "swiss (blitz)"]
[EventRounds "11"]
[EventCountry "USA"]
[SourceTitle "CB04_2024"]
[SourceDate "2023.10.16"]
[SourceVersion "1"]
[SourceVersionDate "2023.10.16"]
[SourceQuality "1"]

1. c4 c5 2. b3 Nf6 3. Bb2 Nc6 4. g3 g6 5. Bg2 Bg7 6. e3 0-0 7. Ne2 b6 8. 0-0 Bb7 9. Nbc3 e6 10. d4 cxd4 11. Nxd4 Rc8 12. Rc1 Qc7 13. Ncb5 Qb8 14. Ba3 Nxd4 15. exd4 Bxg2 16. Kxg2 Rfd8 17. Qf3 d6 18. Nc3 a6 19. Rfe1 b5 20. cxb5 axb5 21. Bb4 d5 22. Be7 Ne4 23. Bxd8 Nxc3 24. Rxc3 Rxd8 25. Rd1 Qa7 26. Qd3 Qxa2 27. Qxb5 Qb2 28. Qd3 Rb8 29. Rdc1 h5 30. Rc8+ Rxc8 31. Rxc8+ Kh7 32. Rc7 Kg8 33. Qf3 1-0

[Event "Titled Tuesday intern op 16th Jan Early"]
[Site "Chess.com INT"]
[Date "2024.01.16"]
[Round "1"]
[White "Demchenko, Anton"]
[Black "Avramidou, Anastasia"]
[Result "1-0"]
[WhiteElo "2609"]
[BlackElo "2287"]
[PlyCount "94"]
[EventDate "2024.01.16"]
[EventType "swiss (blitz)"]
[EventRounds "11"]
[EventCountry "USA"]
[SourceTitle "CB04_2024"]
[SourceDate "2023.10.16"]
[SourceVersion "1"]
[SourceVersionDate "2023.10.16"]
[SourceQuality "1"]

1. e4 g6 2. d4 Bg7 3. Nf3 d6 4. Bc4 Nf6 5. Qe2 0-0 6. e5 dxe5 7. dxe5 Nd5 8. h3 c6 9. 0-0 h6 10. Rd1 Be6 11. Bb3 Qc8 12. Nbd2 Nd7 13. Nf1 Nc5 14. Re1 Qc7 15. N1h2 a5 16. c3 Nxb3 17. axb3 b5 18. Ng4 Bxg4 19. hxg4 e6 20. g3 Rfd8 21. Kg2 g5 22. Bd2 Ne7 23. Be3 Ng6 24. Bc5 Bf8 25. Bxf8 Kxf8 26. Qe4 Kg7 27. Nd4 Rd5 28. f4 c5 29. Nf3 Rad8 30. f5 Nf8 31. Re2 c4 32. Rh1 Qb7 33. bxc4 bxc4 34. f6+ Kg8 35. Rxh6 Ng6 36. Rxg6+ fxg6 37. Qxg6+ Kf8 38. Qe4 R5d7 39. Nxg5 Qxe4+ 40. Rxe4 Rd2+ 41. Kh3 Rb8 42. Nxe6+ Kf7 43. Nf4 Rbxb2 44. g5 Ke8 45. e6 Rh2+ 46. Kg4 Rh7 47. Rxc4 Rg7 1-0

[Event "Titled Tuesday intern op 18th Apr Early"]
[Site "Chess.com INT"]
[Date "2023.04.18"]
[Round "4"]
[White "Avramidou, Anastasia"]
[Black "Andersson, Bjorn2222"]
[Result "1/2-1/2"]
[WhiteElo "2321"]
[BlackElo "2165"]
[PlyCount "141"]
[EventDate "2023.04.18"]
[EventType "swiss (blitz)"]
[EventRounds "11"]
[EventCountry "USA"]
[SourceTitle "EXT 2024"]
[Source "ChessBase"]
[SourceDate "2023.10.10"]
[SourceVersion "1"]
[SourceVersionDate "2023.10.10"]
[SourceQuality "1"]

1. Nf3 c5 2. c4 Nc6 3. Nc3 g6 4. g3 Bg7 5. Bg2 d6 6. 0-0 Bd7 7. e3 Qc8 8. d4 cxd4 9. exd4 Bh3 10. Re1 Bxg2 11. Kxg2 h5 12. h4 Nh6 13. d5 Ne5 14. Qa4+ Qd7 15. Qxd7+ Kxd7 16. Nxe5+ Bxe5 17. Bd2 Nf5 18. Re4 Rac8 19. Rae1 a6 20. Na4 Kc7 21. Ba5+ Kb8 22. Nb6 Rc7 23. b3 Rg8 24. f4 Bf6 25. Na4 Rd7 26. Bc3 Bxc3 27. Nxc3 Rc8 28. a4 Ka7 29. R1e2 Kb6 30. Na2 Rdc7 31. Nb4 Ka5 32. Nd3 b5 33. axb5 axb5 34. b4+ Kb6 35. c5+ dxc5 36. bxc5+ Rxc5 37. Nxc5 Rxc5 38. d6 exd6 39. Re8 Nd4 40. Rd2 Nf5 41. Rf8 Rc7 42. Rb8+ Rb7 43. Rxb7+ Kxb7 44. Kf3 Kc6 45. g4 hxg4+ 46. Kxg4 Kc5 47. Kg5 d5 48. h5 Nd4 49. h6 Nf3+ 50. Kf6 Nxd2 51. h7 Ne4+ 52. Ke7 d4 53. h8Q f5 54. Qc8+ Kb4 55. Ke6 d3 56. Qc1 d2 57. Qb1+ Kc3 58. Ke5 b4 59. Kd5 b3 60. Qa1+ b2 61. Qa5+ Kc2 62. Qa4+ Kc1 63. Qc4+ Kb1 64. Qd3+ Kc1 65. Qc4+ Kd1 66. Qb3+ Ke1 67. Qe3+ Kf1 68. Qf3+ Ke1 69. Qe3+ Kd1 70. Qb3+ Ke1 71. Qe3+ 1/2-1/2

[Event "Titled Tuesday intern op 18th Apr Early"]
[Site "Chess.com INT"]
[Date "2023.04.18"]
[Round "6"]
[White "Daurimbetov, Azamat"]
[Black "Avramidou, Anastasia"]
[Result "1-0"]
[WhiteElo "2185"]
[BlackElo "2321"]
[PlyCount "113"]
[EventDate "2023.04.18"]
[EventType "swiss (blitz)"]
[EventRounds "11"]
[EventCountry "USA"]
[SourceTitle "EXT 2024"]
[Source "ChessBase"]
[SourceDate "2023.10.10"]
[SourceVersion "1"]
[SourceVersionDate "2023.10.10"]
[SourceQuality "1"]

1. e4 g6 2. d4 Bg7 3. Nc3 c6 4. Be3 d5 5. Nf3 dxe4 6. Nxe4 Nf6 7. Bd3 Nxe4 8. Bxe4 Nd7 9. h3 Nf6 10. Bd3 0-0 11. c4 Qa5+ 12. Qd2 Qxd2+ 13. Kxd2 Rd8 14. Rad1 Bf5 15. Bxf5 gxf5 16. Kc2 e6 17. Nd2 Nh5 18. g4 fxg4 19. hxg4 Nf6 20. g5 Ng4 21. Ne4 e5 22. d5 cxd5 23. Rxd5 Rxd5 24. cxd5 Rc8+ 25. Kb3 b6 26. d6 Rd8 27. Kc4 f5 28. gxf6 Nxf6 29. Nxf6+ Bxf6 30. Rd1 Kf7 31. Kd5 e4 32. b3 h5 33. Rc1 h4 34. Bf4 h3 35. Rh1 Rh8 36. d7 Ke7 37. Kc6 Ke6 38. Bc7 Be7 39. a4 Bf6 40. Rd1 h2 41. Rh1 Rh6 42. Rxh2 Rg6 43. d8Q Bxd8 44. Bxd8 e3 45. fxe3 Rg3 46. Kb7 Rxe3 47. Rb2 Kd5 48. Kxa7 Kc6 49. Bxb6 Re7+ 50. Ka6 Re8 51. b4 Ra8+ 52. Ba7 Re8 53. b5+ Kd5 54. b6 Kc6 55. b7 Kc7 56. b8Q+ Rxb8 57. Bxb8+ 1-0

[Event "EU-ch Cities&Town (Women) op"]
[Site "Tornelo INT"]
[Date "2023.01.29"]
[Round "?"]
[White "Avramidou, Anastasia"]
[Black "Tsapaki, Asimenia"]
[Result "1-0"]
[WhiteElo "2321"]
[BlackElo "1498"]
[PlyCount "95"]
[EventDate "2023.01.29"]
[EventType "team-swiss"]
[EventRounds "9"]
[EventCountry "NET"]
[SourceTitle "CBM 212 Extra"]
[Source "ChessBase"]
[SourceDate "2023.03.31"]
[SourceVersion "1"]
[SourceVersionDate "2023.03.31"]
[SourceQuality "1"]
[WhiteTeam "Thessaloniki"]
[BlackTeam "Heraklion (W)"]
[WhiteTeamCountry "GRE"]
[BlackTeamCountry "GRE"]

1. d4 Nf6 2. c4 e6 3. Nc3 Bb4 4. Qc2 Nc6 5. Nf3 0-0 6. a3 Bxc3+ 7. Qxc3 d6 8. g3 Qe7 9. Bg2 e5 10. d5 Nb8 11. 0-0 Bf5 12. b4 Nbd7 13. Bb2 h6 14. Nd2 e4 15. Nb3 Ne5 16. Rac1 c6 17. dxc6 bxc6 18. Rfd1 Rfd8 19. c5 Nd5 20. Rxd5 cxd5 21. cxd6 Qxd6 22. Qxe5 Qxe5 23. Bxe5 Rac8 24. Rc5 Rxc5 25. bxc5 Bd7 26. Nd4 Rc8 27. Bd6 g6 28. e3 f5 29. Bf1 Kf7 30. Ba6 Re8 31. Bb7 Bc8 32. Bxd5+ Kf6 33. Nc6 a6 34. Nb4 Rd8 35. Bc4 Rd7 36. Nd5+ Kg7 37. Nb6 Rd8 38. Nxc8 Rxc8 39. a4 a5 40. Bb5 Rd8 41. Be5+ Kf7 42. c6 Ke6 43. c7 Rf8 44. Ba6 Kxe5 45. c8Q Rxc8 46. Bxc8 g5 47. Kf1 f4 48. Ke2 1-0

[Event "Titled Tuesday intern op 08th Nov Early"]
[Site "Chess.com INT"]
[Date "2022.11.08"]
[Round "1"]
[White "Avramidou, Anastasia"]
[Black "Deac, Bogdan Daniel"]
[Result "1-0"]
[WhiteElo "2321"]
[BlackElo "2700"]
[PlyCount "77"]
[EventDate "2022.11.08"]
[EventType "swiss (blitz)"]
[EventRounds "11"]
[EventCountry "USA"]
[SourceTitle "EXT 2024"]
[Source "ChessBase"]
[SourceDate "2023.10.10"]
[SourceVersion "1"]
[SourceVersionDate "2023.10.10"]
[SourceQuality "1"]

1. d4 g6 2. e4 Bg7 3. Nc3 Nc6 4. Be3 d6 5. f3 e5 6. d5 Nce7 7. g4 f5 8. gxf5 gxf5 9. Bh3 Nf6 10. Qd2 f4 11. Bf2 a6 12. 0-0-0 b5 13. Kb1 0-0 14. Bxc8 Qxc8 15. h4 Nh5 16. Nce2 h6 17. Nh3 Kh7 18. Rdg1 Rg8 19. Be1 Qd7 20. Nf2 Bh8 21. Ng4 Nf6 22. Nxf6+ Bxf6 23. Bf2 Rxg1+ 24. Rxg1 Qh3 25. Qc3 Rg8 26. Rxg8 Kxg8 27. Nc1 Kf7 28. a3 Ke8 29. Qxc7 Qxf3 30. Bb6 Qxe4 31. Qxd6 Nxd5 32. Qe6+ Kf8 33. Bc5+ Kg7 34. h5 f3 35. Nd3 Nf4 36. Qd7+ Kh8 37. Qe8+ Kh7 38. Qf7+ Bg7 39. Bf8 1-0

[Event "Titled Tuesday intern op 08th Nov Early"]
[Site "Chess.com INT"]
[Date "2022.11.08"]
[Round "4"]
[White "Gareyev, Timur"]
[Black "Avramidou, Anastasia"]
[Result "0-1"]
[WhiteElo "2602"]
[BlackElo "2321"]
[PlyCount "146"]
[EventDate "2022.11.08"]
[EventType "swiss (blitz)"]
[EventRounds "11"]
[EventCountry "USA"]
[SourceTitle "EXT 2024"]
[Source "ChessBase"]
[SourceDate "2023.10.10"]
[SourceVersion "1"]
[SourceVersionDate "2023.10.10"]
[SourceQuality "1"]

1. d4 Nf6 2. c4 e6 3. Nf3 d5 4. Nc3 c5 5. cxd5 exd5 6. Bg5 Be6 7. e3 Nc6 8. Bb5 Be7 9. dxc5 Bxc5 10. 0-0 0-0 11. Rc1 Be7 12. Ne2 Rc8 13. Ned4 Nxd4 14. Qxd4 Qa5 15. a4 h6 16. Bh4 Rxc1 17. Rxc1 Rc8 18. Rxc8+ Bxc8 19. h3 Be6 20. g4 a6 21. Bd3 Bd7 22. b3 Qc7 23. Kg2 Be6 24. Qb2 Qb6 25. Nd4 Bd7 26. Qc2 Qd8 27. Bf5 Be8 28. Qc8 b6 29. Bg3 g6 30. Qxd8 Bxd8 31. Bd3 a5 32. Bb5 Kf8 33. f3 Ke7 34. Bxe8 Nxe8 35. Nc6+ Kd7 36. Ne5+ Ke6 37. Nc6 Kd7 38. Nxd8 Kxd8 39. Kf2 Kd7 40. Ke2 Kc6 41. Kd3 Nf6 42. Kd4 Nd7 43. h4 Nc5 44. Kc3 Ne6 45. Be5 h5 46. gxh5 gxh5 47. Kd3 Nc5+ 48. Kc3 Ne6 49. Bd4 Nc7 50. Kd3 Ne6 51. e4 Nf4+ 52. Kd2 Ng2 53. Bf6 dxe4 54. fxe4 Nf4 55. Ke3 Ne6 56. Be7 b5 57. Kd3 Nf4+ 58. Ke3 Ne6 59. axb5+ Kxb5 60. e5 Kc6 61. Ke4 Kd7 62. Bd6 Ng7 63. Kf4 Ke6 64. Kg5 Nf5 65. Bb8 Nd4 66. Bc7 Nxb3 67. Kxh5 a4 68. Bd6 Nd4 69. Kg4 f6 70. Kf4 Ne2+ 71. Ke4 Ng3+ 72. Kf3 Nf5 73. h5 fxe5 0-1